European supreme courts: a portrait through history
Uloženo v:
| Hlavní autoři: | , |
|---|---|
| Médium: | Kniha |
| Jazyk: | angličtina |
| Vydáno: |
Londres
Third Millenium
2013
|
| Vydání: | 1a. ed |
| Témata: | |
| Tagy: |
Přidat tag
Žádné tagy, Buďte první, kdo vytvoří štítek k tomuto záznamu!
|
MARC
| LEADER | 00000cam a2200000 a 4500 | ||
|---|---|---|---|
| 001 | UCE2508 | ||
| 003 | CL-VaPUC | ||
| 008 | 140710e20130000uk |||||||||||||||||eng|d | ||
| 020 | |a 9781906507404 | ||
| 082 | 0 | 4 | |a 347.4035 |b WIJ |2 21 |
| 100 | 0 | |a Wijffels, A. A |e author |9 574970 | |
| 700 | 0 | |a Rhee, C. H van |e author |9 574971 | |
| 245 | 1 | 0 | |a European supreme courts: a portrait through history |
| 250 | |a 1a. ed | ||
| 300 | |a 288 p | ||
| 942 | |c BK | ||
| 945 | |d 20140710 11:54:00 |a dcastane | ||
| 260 | |a Londres |b Third Millenium |c 2013 | ||
| 650 | 0 | |a Historia del derecho |9 255109 | |
| 650 | 0 | |a Derecho europeo |9 391498 | |
| 650 | 0 | |a Corte suprema |9 370023 | |
| 583 | |a last modification |c 20140710 11:54:00 |k Rodrigo Vera | ||
| 999 | |c 356098 |d 356096 | ||
| 952 | |0 0 |1 0 |3 erd |4 0 |6 347_403500000000000_WIJ_2013 |7 0 |8 A |9 463221 |a BIBDER |b BIBDER |i 5088313 |o 347.4035 WIJ 2013 |p 5088313 |r 2023-01-25 |w 2019-11-23 |y BK |z Catalogado en:20140710 |k DER | ||